000
00186nam a2200085 4500
001
1258858
005
20260401104819.0
245
_a
BİLİM ÇOCUK
_c
KOMİSYON
260
_b
TÜBİTAK YAYINLARI
999
_c
1258858
_d
1258858